000 00703nam a2200229Ia 4500
003 GCL
008 140319s9999 xx 000 0 ara d
040 _aGCL /
_cGCL
082 0 4 _a658
_bح س
100 1 _aحامد احمد رمضان بدر
245 1 0 _aالسلوك التنظيمى /
_cحامد احمد رمضان بدر
300 _a448 ص
490 _a
650 0 4 _aادارة الاعمال
650 0 4 _aالعلاقات الانسانية
650 0 4 _aادارة الافراد
650 0 4 _aحوافز الانتاج
650 0 4 _aعلم النفس الصناعى
650 0 4 _aالسلوك الادارى
650 0 4 _aالعلاقات الوظيفية
942 _2ddc
_cBK
999 _c37620
_d37620